Carlos Marx, Federico Engels : obras escogidas en dos tomos : tomo I /

Wedi'i Gadw mewn:
Manylion Llyfryddiaeth
Prif Awdur: Marx, Karl (autor)
Awduron Eraill: Engels, Friedrich (autor) (autor)
Fformat: Llyfr
Iaith:Sbaeneg
Cyhoeddwyd: Moscú, Rusia : Progreso, 1966
Tagiau: Ychwanegu Tag
Dim Tagiau, Byddwch y cyntaf i dagio'r cofnod hwn!

MARC

LEADER 00000nam^a2200000^a^4500
001 000435223
005 20250526000000.0
009 20260310123124.641
037 |a Acervo ITESO - Biblioteca 
041 |a ESP 
091 |a FHM. 07516 
100 |a Marx, Karl  |e (autor) 
245 1 0 |a Carlos Marx, Federico Engels :  |b obras escogidas en dos tomos : tomo I / 
264 1 |a Moscú, Rusia :  |b Progreso,  |c 1966 
300 |a 670 p. ;  |c 22.0 cm. 
336 |a texto  |b txt  |2 rdacontenido 
337 |a sin mediación  |b n  |2 rdamedio 
338 |a volumen  |b nc  |2 rdasoporte 
649 |a XX 
700 |a Engels, Friedrich  |e (autor) 
910 |a Fondo Hugo B. Margáin 
920 |a Impresos - Libros 
930 |a Libros Antiguos y Raros 
905 |a 126 
901 |a 0500307423  |b IT2  |c LRA  |i D110597  |u 20250526 
902 |a https://opac.biblio.iteso.mx/vufind/Record/000435223